Pomoc MMF Brazílii je nedostatočná týždenník Executive Intelligence Review o kríze

Výťah zo série článkov týždenníka Executive Intelligence Review, ktoré už v novembri 1998 predpovedali krízu v Brazílii: Pôžička pre Brazíliu od MMF. Začiatky brazílskej finančnej krízy v januári 1999. Zlyhávajúca pomoc MMF a štátov G7. Hospodárska situácia Brazílie pred vypuknutím krízy. Únik kapit...

Descrizione completa

Salvato in:
Dettagli Bibliografici
Autore principale: Bohušová, Katarína
Natura: Capitolo di libro
Lingua:slovacco
Soggetti:
Tags: Aggiungi Tag
Nessun Tag, puoi essere il primo ad aggiungerne!!

MARC

LEADER 00000naa a2200000 4500
001 r034248
005 20230824100324.6
041 0 |a slo 
044 |a SK 
245 1 0 |a Pomoc MMF Brazílii je nedostatočná  |b týždenník Executive Intelligence Review o kríze  |c Katarína Bohušová 
520 |a Výťah zo série článkov týždenníka Executive Intelligence Review, ktoré už v novembri 1998 predpovedali krízu v Brazílii: Pôžička pre Brazíliu od MMF. Začiatky brazílskej finančnej krízy v januári 1999. Zlyhávajúca pomoc MMF a štátov G7. Hospodárska situácia Brazílie pred vypuknutím krízy. Únik kapitálu z krajiny. Nesúhlas politických síl Brazílie so šetriacimi opatreniami. 
610 2 0 |a kríza finančná 
610 2 0 |a Brazília 
610 2 0 |a pôžičky medzinárodné 
610 2 0 |a Medzinárodný menový fond 
610 2 0 |a dlhy štátne 
610 2 0 |a kapitál 
610 2 0 |a rezervy 
610 2 0 |a pomoc finančná 
100 1 |a Bohušová, Katarína